Library Logo

Pioneer International University Library Catalogue

UNCLE;S JOKE (Record no. 9606)

MARC details
000 -LEADER
fixed length control field 00369nam a22001457a 4500
003 - CONTROL NUMBER IDENTIFIER
control field OSt
005 - DATE AND TIME OF LATEST TRANSACTION
control field 20251014113152.0
008 - FIXED-LENGTH DATA ELEMENTS--GENERAL INFORMATION
fixed length control field 251014b |||||||| |||| 00| 0 eng d
022 ## - INTERNATIONAL STANDARD SERIAL NUMBER
Source 9966773266
040 ## - CATALOGING SOURCE
Transcribing agency VIDE MUWA PUBLISHERS
050 ## - LIBRARY OF CONGRESS CALL NUMBER
Classification number PL 8704 .W36 2013
245 ## - TITLE STATEMENT
Title UNCLE;S JOKE
260 ## - PUBLICATION, DISTRIBUTION, ETC.
Place of publication, distribution, etc. NAIROBI, KENYA
Name of publisher, distributor, etc. VIDE MUWA PUBLISHERS LTD
Date of publication, distribution, etc. 2007
942 ## - ADDED ENTRY ELEMENTS (KOHA)
Source of classification or shelving scheme Library of Congress Classification
Koha item type Books
Suppress in OPAC No

No items available.